عرض عادي
عرض مارك
- Watson, Hugh J.
مدخل إسم شخص
001 - رقم الضبط
- حقل الضبط: 39496
003 - معرف رقم الضبط
- حقل الضبط: OSt
005 - تاريخ ووقت أخر عملية
- حقل الضبط: 20131112171013.0
008 - عناصر بيانات ثابتة الطول
- حقل تحكم ثابت الطول: 131112|||a|||||| | ||| d
040 ## - مصدر الفهرسة
- هيئة الفهرسة الأصلية: OSt
- وكالة الكتابة: OSt
100 ## - مدخل -- أسم شخص
- إسم شخص: Watson, Hugh J.
670 ## - بيانات المصدر موجوده
- الاستشهاد بالمصدر: Work cat.: (OSt)0: Gray, Paul, 1930- 39494, Decision support in the data warehouse /, 1998.
